A treatise on land-surveying (Record no. 113846)

MARC details
000 -LEADER
fixed length control field 00726cam a22001935a 4500
001 - CONTROL NUMBER
control field L155814
008 - FIXED-LENGTH DATA ELEMENTS--GENERAL INFORMATION
fixed length control field 120417s1819 xxk f 000 0 eng d
035 ## - SYSTEM CONTROL NUMBER
System control number (Sirsi) u155814
041 0# - LANGUAGE CODE
Language code of text/sound track or separate title eng
100 1# - MAIN ENTRY--PERSONAL NAME
Personal name Dix, Thomas
Dates associated with a name 1769 or 70-1813
245 02 - TITLE STATEMENT
Title A treatise on land-surveying
Remainder of title in seven parts ...
250 ## - EDITION STATEMENT
Edition statement 4th ed., with great additions and improvements
260 ## - PUBLICATION, DISTRIBUTION, ETC.
Place of publication, distribution, etc. London
Name of publisher, distributor, etc. printed by Weed and Rider, Little Britain for Scatcherd and Letterman, and G. and W. B. Whittaker ...
Date of publication, distribution, etc. 1819
300 ## - PHYSICAL DESCRIPTION
Extent xii, 214 p., [2] leaves of plates (1 folded)
Other physical details ill., col. plan
Dimensions 22 cm.
583 ## - ACTION NOTE
Action Condition reviewed
Time/date of action 20120620
Status condition level 1
651 #4 - SUBJECT ADDED ENTRY--GEOGRAPHIC NAME
Geographic name Great Britain
Chronological subdivision 1707-
690 ## - LOCAL SUBJECT ADDED ENTRY--TOPICAL TERM (OCLC, RLIN)
Topical term or geographic name as entry element Measurement
9 (RLIN) 6256
942 ## - ADDED ENTRY ELEMENTS (KOHA)
Suppress in OPAC 0
Holdings
Withdrawn status Lost status Source of classification or shelving scheme Damaged status Not for loan Home library Current library Shelving location Date acquired Total Checkouts Full call number Barcode Date last seen Copy number Price effective from Koha item type
    Dewey Decimal Classification     Historic collection Historic collection Historic collection 17/04/2012   OCTAVO 1819 DIX 30076764 06/08/2019 1 06/08/2019 Book